[Event "Les Diablerets op"]
[Site "Les Diablerets"]
[Date "2015.07.05"]
[Round "4"]
[White "Blechzin, Igor"]
[Black "Cirrincione, Paze Paolo"]
[Result "1-0"]
[WhiteElo "2356"]
[BlackElo "1884"]
[PlyCount "61"]
[EventDate "2015.07.03"]
[EventType "swiss"]
[EventRounds "5"]
[EventCountry "SUI"]
[SourceTitle "CBM 167 Extra"]
[Source "ChessBase"]
[SourceDate "2015.09.14"]
[SourceVersion "1"]
[SourceVersionDate "2015.09.14"]
[SourceQuality "1"]

1. c4 f5 2. g3 Nf6 3. Bg2 e6 4. d3 d5 5. Nf3 Bd6 6. 0-0 0-0 7. b3 Qe7 8. Bb2 Nbd7 9. Nbd2 c6 10. Re1 e5 11. cxd5 cxd5 12. e4 Nc5 13. d4 Nd3 14. dxe5 Nxe1 15. Qxe1 fxe4 16. exd6 Qxd6 17. Nd4 Bd7 18. h3 Rae8 19. Qe3 a6 20. Nf1 Be6 21. Rd1 Nd7 22. Nxe6 Qxe6 23. Qd4 Nf6 24. Ne3 Rd8 25. Kh2 Rf7 26. f3 Re7 27. fxe4 Nxe4 28. Nxd5 Kh8 29. Nxe7 Rxd4 30. Rxd4 Qxe7 31. Rxe4 1-0

[Event "Nichelino op 12th"]
[Site "Nichelino"]
[Date "2011.10.08"]
[Round "4"]
[White "Cirrincione, Paze Paolo"]
[Black "Macario, Marco"]
[Result "1/2-1/2"]
[WhiteElo "1826"]
[BlackElo "1829"]
[PlyCount "57"]
[EventDate "2011.10.06"]
[EventType "swiss"]
[EventRounds "6"]
[EventCountry "ITA"]
[SourceTitle "EXT 2023"]
[Source "ChessBase"]
[SourceDate "2022.10.05"]
[SourceVersion "1"]
[SourceVersionDate "2022.10.05"]
[SourceQuality "1"]

1. d4 c5 2. c3 Nf6 3. Bf4 e6 4. Nf3 Nc6 5. h3 d5 6. e3 cxd4 7. exd4 Bd6 8. Bxd6 Qxd6 9. Bd3 0-0 10. 0-0 Re8 11. Re1 e5 12. dxe5 Nxe5 13. Nxe5 Rxe5 14. Rxe5 Qxe5 15. Nd2 Bd7 16. Nf3 Qd6 17. Qb3 a6 18. Qxb7 Rb8 19. Qxa6 Qxa6 20. Bxa6 Rxb2 21. c4 Rb6 22. Bb5 Bxb5 23. Rb1 dxc4 24. Nd4 c3 25. a4 Kf8 26. Rxb5 Rxb5 27. axb5 Nd5 28. Kf1 Ke8 29. g3 1/2-1/2

[Event "Ivrea op 14th"]
[Site "Ivrea"]
[Date "2010.03.20"]
[Round "4"]
[White "Cirrincione, Paze Paolo"]
[Black "Giunto, Andrea"]
[Result "1/2-1/2"]
[WhiteElo "1785"]
[BlackElo "1938"]
[PlyCount "35"]
[EventDate "2010.03.19"]
[EventType "swiss"]
[EventRounds "5"]
[EventCountry "ITA"]
[SourceTitle "EXT 2024"]
[Source "ChessBase"]
[SourceDate "2023.10.10"]
[SourceVersion "1"]
[SourceVersionDate "2023.10.10"]
[SourceQuality "1"]

1. d4 Nf6 2. Nf3 g6 3. Nc3 Bg7 4. e4 d6 5. Be3 0-0 6. Qd2 Nbd7 7. Bh6 c5 8. Bxg7 Kxg7 9. h4 cxd4 10. Nxd4 Ne5 11. f3 h5 12. 0-0-0 Bd7 13. g4 Kh7 14. gxh5 Nxh5 15. Bh3 Bxh3 16. Rxh3 Nc4 17. Qg5 e6 18. Qxd8 1/2-1/2